| 000 | 00866cam a22002533a 4500 | ||
|---|---|---|---|
| 001 | 19058 | ||
| 003 | PGUSA | ||
| 005 | 20140828083414.0 | ||
| 008 | 060816s2006||||xxu|||||s|||||000 | eng d | ||
| 040 |
_aPGUSA _beng |
||
| 042 | _adc | ||
| 050 | 4 | _aVF | |
| 100 | 1 | _aUnited States. Navy Department. Bureau of Ordnance | |
| 245 | 1 | 0 |
_aOrdnance Instructions for the United States Navy. : _b1866. Fourth edition. _h[electronic resource] / _cUnited States. Navy Department. Bureau of Ordnance |
| 260 |
_bProject Gutenberg, _c2006 |
||
| 506 | _aPublic domain in the USA. | ||
| 516 | _aElectronic text | ||
| 653 | _aUnited States. Navy | ||
| 653 | _aUnited States. Navy -- Ordnance and ordnance stores | ||
| 653 | _aUnited States. Navy -- Small-boat service | ||
| 830 | 0 |
_aProject Gutenberg _v19058 |
|
| 856 | 4 | 0 | _uhttp://www.gutenberg.org/ebooks/19058 |
| 942 | _cEB | ||
| 999 |
_c248313 _d248313 |
||